000 00473nam a22001697a 4500
999 _c40721
_d40721
003 OSt
005 20191104111648.0
008 191030b ||||| |||| 00| 0 eng d
020 _a9788189367114
040 _coclc
082 _a954
_bSHA/V
100 _aSharma,Alpana
_928
245 _aViswa Shanthi Ka Gandhiya Prathiman/
_cDr,Alpana Sharma
260 _aJaipur:
_bManthan Publications,
_c2010
300 _a190p
942 _2ddc
_cBK
_h954
_iSHA/V